A menina de "Os Lusíadas" (Registo nº 4074)

Detalhes MARC
000 -Etiqueta do registo
Cabeçalho 00558cam a22002051 4500
005 - Identificador da versão
Campo de controlo 20240813122052.0
095 ## -
-- PTBN00151145
100 ## - Dados gerais de processamento
Dados gerais de processamento 19730201d1972 m a0pory5003 ba
102 ## - Pais de publicação ou produção
País de publicação Portugal
101 0# - Língua de publicação
Língua do texto, banda sonora, etc. Português
215 ## - Descrição física 
Indicação específica da natureza do documento e extensão da espécie 26, [1] p.
Outras indicações físicas il.
Dimensões 21 cm
200 1# - Titulo e menção de responsabilidade
Título próprio A menina de "Os Lusíadas"
Primeira menção de responsabilidade Nuno de Sampaio
210 ## - Publicação, Distribuição, etc. 
Lugar da edição, distribuição, etc. Lisboa
Nome do editor, distribuidor, etc. Direcção-Geral da Educação Permanente
Data da publicação, distribuição, etc. 1972
675 ## - Classificação Decimal Universal (CDU)
Notação 821.134.3-31"19"
Edição med
Língua da edição por
700 #1 - Nome de autor-pessoa física (responsabilidade principal)
Número de registo de entrada de autoridade 0000616
Palavra de ordem Sampaio
Outra parte do nome não tomada para palavra de ordem Nuno de
Datas 1925-
942 ## - Elementos de entrada adicionados (Koha)
Tipo de item no Koha Livro
Exemplares
Situação do levantamento Origin of item (home branch) (coded) Biblioteca de empréstimo Código de barras Cota Circulation type (not for loan) Tipo de documento Nota do exemplar Damaged status
  Biblioteca Escolar das Vendas Biblioteca Escolar das Vendas BEV828 9PT SAM   Livro Sem mensagem